| 000 | 00751cab a2200253 4500 | ||
|---|---|---|---|
| 001 | WB3338-01 | ||
| 008 | 090401t1997 xxu||||| |||| 00| 0 eng d | ||
| 035 | _a(Sirsi) u81207 | ||
| 041 | _aeng | ||
| 245 | _aArts fail internet | ||
| 260 | _c1997 | ||
| 350 | _a0 | ||
| 490 |
_aAntiques Trade Gazette _v(1307) 4 October 1997, 30(2) |
||
| 520 | _aReviews who is using the Internet in the art world. Notes the Art Connection web site www.art.connection.com . Also the likely impact on auctions and auction houses. | ||
| 650 | _aART | ||
| 650 | _aGALLERIES | ||
| 650 | _aMUSEUMS | ||
| 650 | _aROYAL ACADEMY OF ARTS | ||
| 650 | _aWEB SITE | ||
| 650 | _aWORLD WIDE WEB | ||
| 690 |
_aAuctioneering _96218 |
||
| 942 | _n0 | ||
| 948 | _c02/10/1997 | ||
| 999 |
_c51177 _d51177 |
||